[Event "HUN-chT2 Barcza 1415"]
[Site "Hungary"]
[Date "2014.11.30"]
[Round "?"]
[White "Pinczes, Gyula"]
[Black "Banszky, Miklos"]
[Result "0-1"]
[WhiteElo "1782"]
[BlackElo "1872"]
[PlyCount "140"]
[EventDate "2014.09.07"]
[EventType "team-tourn"]
[EventRounds "11"]
[EventCountry "HUN"]
[SourceTitle "EXT 2016"]
[Source "ChessBase"]
[SourceDate "2015.10.08"]
[SourceVersion "1"]
[SourceVersionDate "2015.10.08"]
[SourceQuality "1"]
[WhiteTeam "Nadudvar"]
[BlackTeam "Kazincbarcika"]
[WhiteTeamCountry "HUN"]
[BlackTeamCountry "HUN"]

1. d4 Nf6 2. Nf3 g6 3. g3 Bg7 4. Bg2 d5 5. 0-0 0-0 6. Nbd2 Nbd7 7. c4 c6 8. Qc2 Re8 9. e4 dxe4 10. Nxe4 Nb6 11. Nxf6+ Bxf6 12. Be3 Bf5 13. Qc1 Bd3 14. Re1 Bxc4 15. Ne5 Bd5 16. f4 Bxg2 17. Kxg2 Nd5 18. Bf2 Bg7 19. a3 Rc8 20. Qd1 Nb6 21. Rc1 Qd5+ 22. Qf3 Qxf3+ 23. Kxf3 Rcd8 24. Rc3 Rd5 25. Rc5 f6 26. Nd3 Kf7 27. Rxd5 Nxd5 28. Nc5 b6 29. Ne6 f5 30. g4 fxg4+ 31. Kxg4 Bf6 32. b3 Rc8 33. a4 h5+ 34. Kf3 Nc7 35. Ng5+ Ke8 36. Ne4 Kd7 37. Nxf6+ exf6 38. Rg1 Rg8 39. Be3 Nd5 40. Bd2 Ke6 41. Ke4 Kf7 42. Rc1 Re8+ 43. Kf3 Rc8 44. b4 Ke6 45. Re1+ Kf5 46. Re4 c5 47. dxc5 bxc5 48. Rc4 Nb6 49. Rxc5+ Rxc5 50. bxc5 Nxa4 51. Be3 Ke6 52. Ke4 Nc3+ 53. Kd4 Nd5 54. Bd2 Nc7 55. Ke4 Kd7 56. Bc3 Ke6 57. Ba5 Nb5 58. Bb4 f5+ 59. Kd3 Kd5 60. h3 Nd4 61. Bc3 Ne6 62. Be5 Nxc5+ 63. Ke3 a5 64. Bc3 a4 65. Bb4 Kc4 66. Ba3 Ne6 67. Bd6 Kb3 68. Kd2 a3 69. Kc1 a2 70. Be5 Nxf4 0-1

[Event "HUN-chT2 Barcza 1112 "]
[Site "Hungary"]
[Date "2011.09.25"]
[Round "1"]
[White "Banszky, Miklos"]
[Black "Pinczes, Gyula"]
[Result "1-0"]
[WhiteElo "1972"]
[BlackElo "1856"]
[PlyCount "103"]
[EventDate "2011.09.25"]
[EventType "team-tourn"]
[EventRounds "11"]
[EventCountry "HUN"]
[SourceTitle "EXT 2013"]
[Source "ChessBase"]
[SourceDate "2012.11.22"]
[SourceVersion "1"]
[SourceVersionDate "2012.11.22"]
[SourceQuality "1"]
[WhiteTeam "Sajoszentpeter"]
[BlackTeam "Nadudvar"]
[WhiteTeamCountry "HUN"]
[BlackTeamCountry "HUN"]

1. e4 e5 2. Nf3 Nc6 3. Bb5 a6 4. Ba4 Be7 5. c3 d6 6. h3 Nf6 7. d3 h6 8. 0-0 0-0 9. Re1 b5 10. Bc2 Nh7 11. Nbd2 f5 12. exf5 Bxf5 13. Ne4 Qd7 14. Ng3 Be6 15. d4 Bd5 16. Bb3 Qe6 17. dxe5 Bxb3 18. Qxb3 d5 19. Nd4 Nxd4 20. cxd4 Qf7 21. Be3 h5 22. Rac1 h4 23. Ne2 Rac8 24. Rc6 Ng5 25. Nf4 Rfd8 26. Rec1 Bf8 27. Ng6 Ne6 28. Nxf8 Nxf8 29. Bg5 Rd7 30. Bxh4 Ne6 31. Qe3 a5 32. Ra6 c5 33. dxc5 d4 34. Qb3 Rxc5 35. Ra8+ Kh7 36. Rxc5 Nxc5 37. Qxf7 Rxf7 38. Kf1 Kg6 39. Rxa5 Rb7 40. g4 Nd3 41. Ra6+ Kh7 42. e6 Nf4 43. e7 Rc7 44. Ke1 Rc8 45. Bg3 Nd3+ 46. Kd2 Nxb2 47. Re6 Re8 48. Be5 Nc4+ 49. Kd3 Kg8 50. Bxd4 Kf7 51. Re2 g6 52. a4 1-0

[Event "HUN-chT2 Barcza 1011"]
[Site "Hungary"]
[Date "2010.10.10"]
[Round "3.8"]
[White "Farkas, Lajos1111"]
[Black "Banszky, Miklos"]
[Result "1/2-1/2"]
[WhiteElo "1973"]
[BlackElo "1974"]
[PlyCount "64"]
[EventDate "2010.09.12"]
[EventType "team-tourn"]
[EventRounds "11"]
[EventCountry "HUN"]
[SourceTitle "EXT 2012"]
[Source "ChessBase"]
[SourceDate "2011.11.24"]
[SourceVersion "1"]
[SourceVersionDate "2011.11.24"]
[SourceQuality "1"]
[WhiteTeam "Debrecen Betu"]
[BlackTeam "Sajoszentpeter"]
[WhiteTeamCountry "HUN"]
[BlackTeamCountry "HUN"]

1. e4 c5 2. Nf3 d6 3. d4 cxd4 4. Nxd4 Nf6 5. Nc3 g6 6. Be2 Bg7 7. Be3 0-0 8. 0-0 a6 9. a4 Bd7 10. Nb3 Bc6 11. f3 Nbd7 12. Qd2 Rc8 13. Nd5 Bxd5 14. exd5 Nb6 15. c4 Nxc4 16. Bxc4 Rxc4 17. Na5 Rc8 18. Nxb7 Qc7 19. Na5 Rb8 20. Rac1 Qd7 21. Rc4 Rfc8 22. Rfc1 Rxc4 23. Rxc4 Qf5 24. Nc6 Rb7 25. Rb4 Qb1+ 26. Kf2 Rxb4 27. Nxb4 Qf5 28. Ke2 h5 29. a5 Qd7 30. Bb6 Qb5+ 31. Kf2 Nd7 32. Bd4 Qxa5 1/2-1/2

[Event "HUN-chT2 Barcza 0910"]
[Site "Hungary"]
[Date "2010.04.18"]
[Round "10.8"]
[White "Banszky, Miklos"]
[Black "Farkas, Lajos"]
[Result "1-0"]
[WhiteElo "1974"]
[BlackElo "1951"]
[PlyCount "99"]
[EventDate "2009.11.08"]
[EventType "team-tourn"]
[EventRounds "11"]
[EventCountry "HUN"]
[SourceTitle "EXT 2011"]
[Source "ChessBase"]
[SourceDate "2010.11.26"]
[SourceVersion "1"]
[SourceVersionDate "2010.11.26"]
[SourceQuality "1"]
[WhiteTeam "SSASSE"]
[BlackTeam "Debrecen Betu"]
[WhiteTeamCountry "HUN"]
[BlackTeamCountry "HUN"]

1. e4 e5 2. Nf3 d6 3. Bc4 h6 4. d4 Qe7 5. 0-0 Nf6 6. h3 c6 7. dxe5 dxe5 8. Re1 Qc7 9. c3 Be7 10. Nbd2 Nbd7 11. Qc2 Nf8 12. Nf1 Ng6 13. Ng3 0-0 14. Nf5 Rd8 15. a3 Bf8 16. Be3 Nh5 17. g3 Ne7 18. Kh2 b6 19. Rad1 Nf6 20. Rxd8 Qxd8 21. Nxe5 Nxf5 22. Bxf7+ Kh7 23. exf5 Qc7 24. Bg6+ Kg8 25. Bf4 Bd6 26. Nd3 Ba6 27. Bxd6 Qxd6 28. Nb4 Bc4 29. Rd1 Qc7 30. Qd2 a5 31. Nc2 Bb3 32. Re1 Rd8 33. Qe2 Bf7 34. Bxf7+ Kxf7 35. Nd4 Re8 36. Qc4+ Nd5 37. Rxe8 Kxe8 38. Nxc6 Ne7 39. Nxa5 Qe5 40. Nb7 Nxf5 41. Qc8+ Ke7 42. Qd8+ Kf7 43. Qd3 g6 44. Nd8+ Ke8 45. Nc6 Qf6 46. Qe4+ Kd7 47. Nd4 Nd6 48. Qc6+ Ke7 49. Kg2 Qxf2+ 50. Kxf2 1-0

[Event "HUN-chT2 Barcza 0910"]
[Site "Hungary"]
[Date "2009.12.20"]
[Round "4.7"]
[White "Banszky, Miklos"]
[Black "Zelei, Zoltan"]
[Result "0-1"]
[WhiteElo "1974"]
[BlackElo "2010"]
[PlyCount "95"]
[EventDate "2009.11.08"]
[EventType "team-tourn"]
[EventRounds "11"]
[EventCountry "HUN"]
[SourceTitle "EXT 2011"]
[Source "ChessBase"]
[SourceDate "2010.11.26"]
[SourceVersion "1"]
[SourceVersionDate "2010.11.26"]
[SourceQuality "1"]
[WhiteTeam "SSASSE"]
[BlackTeam "Mezokovesd"]
[WhiteTeamCountry "HUN"]
[BlackTeamCountry "HUN"]

1. e4 c5 2. Nf3 Nc6 3. d4 cxd4 4. Nxd4 e5 5. Nb5 d6 6. c4 a6 7. N5c3 Nf6 8. Bg5 Be7 9. Be2 Nxe4 10. Bxe7 Nxc3 11. Qxd6 Qxd6 12. Bxd6 Nxe2 13. Kxe2 Nd4+ 14. Kd2 Bf5 15. Na3 0-0-0 16. c5 Be6 17. Kc3 f6 18. Nc4 Nb5+ 19. Kb4 Bxc4 20. Kxc4 Nxd6+ 21. cxd6 Rxd6 22. Rac1 Rhd8 23. Kb3+ Kb8 24. Rc3 Rd2 25. Rf1 R8d6 26. Ka3 b5 27. Rg3 g5 28. Rh3 R6d3+ 29. Rxd3 Rxd3+ 30. Kb4 Kb7 31. b3 Kb6 32. a4 a5+ 33. Ka3 b4+ 34. Kb2 Rd2+ 35. Kc1 Re2 36. h3 Kc5 37. g3 Kd4 38. f4 Re3 39. fxg5 fxg5 40. h4 Rxg3 41. hxg5 Rxg5 42. Rf3 e4 43. Rh3 h5 44. Kc2 Rc5+ 45. Kb2 e3 46. Rh4+ Kd3 47. Rh3 Kd2 48. Rh4 0-1

[Event "HUN-chT2 Barcza 0910"]
[Site "Hungary"]
[Date "2009.12.06"]
[Round "3.7"]
[White "Galko, Tibor"]
[Black "Banszky, Miklos"]
[Result "1/2-1/2"]
[WhiteElo "1871"]
[BlackElo "1974"]
[PlyCount "62"]
[EventDate "2009.11.08"]
[EventType "team-tourn"]
[EventRounds "11"]
[EventCountry "HUN"]
[SourceTitle "EXT 2011"]
[Source "ChessBase"]
[SourceDate "2010.11.26"]
[SourceVersion "1"]
[SourceVersionDate "2010.11.26"]
[SourceQuality "1"]
[WhiteTeam "Edeleny"]
[BlackTeam "SSASSE"]
[WhiteTeamCountry "HUN"]
[BlackTeamCountry "HUN"]

1. e4 Nf6 2. Nc3 d5 3. e5 Nfd7 4. d4 c5 5. Nf3 e6 6. Be3 Nc6 7. Bb5 cxd4 8. Bxd4 Be7 9. 0-0 0-0 10. Ne2 Qc7 11. Bxc6 bxc6 12. b3 c5 13. Bb2 Bb7 14. Re1 d4 15. Ng3 Rac8 16. Qe2 Nb6 17. c3 dxc3 18. Bxc3 Nd5 19. Bd2 Nb4 20. Rec1 Bxf3 21. gxf3 Qd7 22. Rd1 Qd3 23. Bxb4 Qxe2 24. Nxe2 cxb4 25. Rd7 Bc5 26. Rc1 Bb6 27. Rcd1 Rfd8 28. Rxd8+ Rxd8 29. Rc1 Kf8 30. Rc2 Ke7 31. Kg2 Rd5 1/2-1/2

[Event "Nyiregyhaza op"]
[Site "Nyiregyhaza"]
[Date "2005.07.13"]
[Round "5"]
[White "Daroczy, Sandor"]
[Black "Banszky, Miklos"]
[Result "1/2-1/2"]
[WhiteElo "2020"]
[BlackElo "2039"]
[PlyCount "42"]
[EventDate "2005.07.09"]
[EventType "swiss"]
[EventRounds "9"]
[EventCountry "HUN"]
[SourceTitle "EXT 2008"]
[Source "ChessBase"]
[SourceDate "2007.11.25"]
[SourceVersion "1"]
[SourceVersionDate "2007.11.25"]
[SourceQuality "1"]

1. d4 Nf6 2. c4 c5 3. d5 b5 4. cxb5 a6 5. b6 Qxb6 6. Nc3 d6 7. e4 g6 8. Nf3 Bg7 9. Nd2 0-0 10. Be2 Ne8 11. Nc4 Qc7 12. 0-0 Nd7 13. Bg5 Ne5 14. Ne3 Nf6 15. f4 Ned7 16. Nc4 h6 17. Bh4 Nb6 18. Qd2 Nxc4 19. Bxc4 Ng4 20. h3 Bd4+ 21. Kh1 Ne3 1/2-1/2

[Event "Nyiregyhaza op"]
[Site "Nyiregyhaza"]
[Date "2005.07.12"]
[Round "4"]
[White "Kanyadi, Zoltan"]
[Black "Banszky, Miklos"]
[Result "1-0"]
[WhiteElo "2130"]
[BlackElo "2039"]
[PlyCount "51"]
[EventDate "2005.07.09"]
[EventType "swiss"]
[EventRounds "9"]
[EventCountry "HUN"]
[SourceTitle "EXT 2008"]
[Source "ChessBase"]
[SourceDate "2007.11.25"]
[SourceVersion "1"]
[SourceVersionDate "2007.11.25"]
[SourceQuality "1"]

1. e4 c5 2. Nf3 d6 3. d4 cxd4 4. Nxd4 Nf6 5. Nc3 g6 6. Be3 Bg7 7. f3 0-0 8. Bc4 Bd7 9. Qd2 Nc6 10. h4 Rc8 11. Bb3 Ne5 12. 0-0-0 Nc4 13. Bxc4 Rxc4 14. h5 Nxh5 15. g4 Nf6 16. Bh6 Nxe4 17. Qe3 Nxc3 18. Bxg7 Kxg7 19. Qh6+ Kf6 20. g5+ Ke5 21. bxc3 Kd5 22. Ne6+ Kxe6 23. Qh3+ f5 24. Rhe1+ Kf7 25. Qxh7+ Ke8 26. Qxg6+ 1-0

[Event "Nyiregyhaza op"]
[Site "Nyiregyhaza"]
[Date "2004.07.17"]
[Round "8"]
[White "Banszky, Miklos"]
[Black "Revesz, Istvan"]
[Result "1/2-1/2"]
[WhiteElo "2042"]
[BlackElo "2049"]
[PlyCount "130"]
[EventDate "2004.07.10"]
[EventType "swiss"]
[EventRounds "9"]
[EventCountry "HUN"]
[SourceTitle "EXT 2008"]
[Source "ChessBase"]
[SourceDate "2007.11.25"]
[SourceVersion "1"]
[SourceVersionDate "2007.11.25"]
[SourceQuality "1"]

1. e4 e6 2. d4 d5 3. exd5 exd5 4. Bd3 Bd6 5. Nc3 c6 6. h3 h6 7. Qf3 Qf6 8. Be3 Be6 9. 0-0-0 Nd7 10. Nge2 Qxf3 11. gxf3 0-0-0 12. f4 Ne7 13. Ng3 g6 14. Nb1 h5 15. h4 Bg4 16. Rde1 Nb6 17. b3 Rde8 18. c3 Kb8 19. Nd2 Nbc8 20. Ndf1 Bc7 21. Nh2 Be6 22. Nf3 f6 23. Bd2 Bg4 24. Nh2 Bd7 25. Nhf1 Nd6 26. Ne3 a6 27. Kd1 Nb5 28. Ng2 Bg4+ 29. Kc2 Bf3 30. Rhg1 Bg4 31. Re3 Kc8 32. Rge1 Kd8 33. Kb2 Bh3 34. Nxh5 gxh5 35. Rxh3 Rhg8 36. Rg1 Nd6 37. Rhh1 Ne4 38. Bxe4 dxe4 39. Kc2 Nf5 40. Ne3 Rxg1 41. Rxg1 Nxh4 42. Rh1 Nf3 43. Rxh5 Nxd2 44. Kxd2 Bxf4 45. Ke2 Bg5 46. Rh7 Re7 47. Rh8+ Kd7 48. Nf5 Rf7 49. Rb8 Ke6 50. Ng3 f5 51. Re8+ Kf6 52. Re5 Kg6 53. Re6+ Bf6 54. f3 exf3+ 55. Kxf3 Kg5 56. Re8 Bg7 57. Re1 c5 58. Rg1 cxd4 59. Ne2+ Kf6 60. Nxd4 Bh6 61. Re1 Bd2 62. Re6+ Kg5 63. c4 Rd7 64. Nc2 Bc1 65. Nb4 Rh7 1/2-1/2

[Event "Nyiregyhaza op"]
[Site "Nyiregyhaza"]
[Date "2004.07.11"]
[Round "2"]
[White "Banszky, Miklos"]
[Black "Korpas, Zoltan"]
[Result "0-1"]
[WhiteElo "2042"]
[BlackElo "2107"]
[PlyCount "80"]
[EventDate "2004.07.10"]
[EventType "swiss"]
[EventRounds "9"]
[EventCountry "HUN"]
[SourceTitle "EXT 2008"]
[Source "ChessBase"]
[SourceDate "2007.11.25"]
[SourceVersion "1"]
[SourceVersionDate "2007.11.25"]
[SourceQuality "1"]

1. e4 d5 2. exd5 Qxd5 3. Nc3 Qa5 4. Nf3 Nf6 5. d4 c6 6. Bf4 Bf5 7. Qd2 Nbd7 8. 0-0-0 e6 9. a3 b5 10. Ne4 Qxd2+ 11. Nexd2 b4 12. axb4 Nd5 13. Bg3 Nxb4 14. Ne1 a5 15. Nc4 Bg6 16. Nd6+ Kd8 17. Nd3 Bxd6 18. Bxd6 Nxd3+ 19. Bxd3 Nf6 20. f3 Kd7 21. Be5 Rhc8 22. g4 Ne8 23. h4 f6 24. Bg3 Nd6 25. Bxd6 Kxd6 26. Bxg6 hxg6 27. h5 g5 28. h6 gxh6 29. Rxh6 Rf8 30. Re1 Rf7 31. Kd2 a4 32. Re3 Rb8 33. Ra3 Rxb2 34. Rxa4 f5 35. Ra5 fxg4 36. fxg4 Rf2+ 37. Ke3 Rfxc2 38. Rxg5 Rc3+ 39. Kf4 Rf2+ 40. Ke4 Rff3 0-1